Statistiques concernant Les Simpson - Vrai ou Faux (1)

Cliquez ici pour prendre le quiz!

Statistiques générales

  • Ce quiz a été pris 132 fois
  • Le résultat moyen est 11 sur 20

Statistiques - réponses

QuestionRéponse% Correct
Le révérend Lovejoy est passionné par les trainsVrai
92%
Le moyen de transport préféré de Bart est le véloFaux
82%
Selma est sortie avec Tahiti BobVrai
82%
Milhouse parle couramment espagnolFaux
76%
Marge a écrit un best-seller intitulé "Le cœur harponné"Vrai
69%
Le signe astrologique d'Homer est le lionFaux
67%
Agnes Skinner porte une perruqueVrai
65%
Le meilleur ami d'Homer est LennyFaux
64%
Bart a tourné dans une publicité pour la mauvaise haleineVrai
61%
Hans Taupeman a été maire de Springfield dans le passéVrai
58%
Shalmers cri tout le temps car il a des problèmes d'auditionFaux
56%
Homer a déjà engagé un détective privé pour espionner MargeFaux
51%
L'un des rêves d'Homer est de devenir propriétaire de l'équipe de football de PhoenixFaux
48%
Homer s'est marié trois fois dans sa vieVrai
46%
Carl a été adopté par une famille irlandaiseFaux
43%
Le professeur Frink a créé un réseau social pour se faire des amisFaux
42%
Homer a intégré la confrérie des tailleurs de pierre grâce à Lenny et CarlFaux
39%
Martin a postulé pour jouer Atomic Boy dans le film Radio Active ManFaux
32%
Homer a été la mascotte officielle des Isotopes de SpringfieldFaux
16%
En retirant le crayon logé dans son cerveau, le QI d'Homer a grimpé de 100 pointsFaux
13%

Distribution des résultats

Percentile par nombre de réponses

% des personnes avec chaque résultat

Votre développement - résultats

Vous n’avez pas pris ce quiz